000 00900nam a22002897a 4500
001 9231
003 FISKH
005 20251204091915.0
008 251204b cb ||||| |||| 00| 0 eng d
020 _a9780689710513
040 _aFISKH
_beng
_cFISKH
_dFISKH
050 _aPZ7.B3435 E
082 _a193
100 _aBaylor, Byrd
_eAuthor
245 _aEverybody needs a rock /
_cby Byrd Baylor with pictures by Peter Parnall
260 _aNew York :
_bSimon & Schuster ,
_c1974
300 _a28 unnumbered pages :
_bcolor illustrations ;
_c21 x 25 cm
505 _aK
520 _aDescribes the qualities to consider in selecting the perfect rock for play and pleasure.
521 8 _a550
_bLexile
521 8 _aK
_bRaz-Plus
650 _aJuvenile
_vIndividuality
650 _aPicture book
_vPoetry
700 _aParnall, Peter
_eIllustrator
942 _2ddc
_cBK
_n0
999 _c9231
_d9231